000 00591nam a22002057a 4500
003 OSt
005 20170105103440.0
008 120320t xxu||||| |||| 00| 0 eng d
020 _a9780387263526
040 _aASAB
_cASAB
050 _a572.63
100 _4Fundamentals of Protein Structure and Function
_aEngelbert Buxbaum
_957
245 _aFundamentals of Protein Structure and Function
260 _bSpringer
300 _a367
440 _aFundamentals of Protein Structure and Function
_958
650 _2 Protein Structure
_959
700 _aEngelbert Buxbaum
_960
942 _2lcc
_cBK
999 _c16447
_d16447